000 00911nam a2200229 a 4500
001 48001
003 BD-RjUL
005 20211209054435.0
008 160811s1991 ii ||||| |||| 00| 0 ben d
020 _c: Tk. 25.00
035 _a(BD-RjUL) 48120
040 _aBD-RjUL
_bben
_cBD-RjUL
041 _aben
082 _a891.4409
_bCHB 1991
100 _aচট্টোপাধ্যায়, ভবতোষ
_9145587
245 1 0 _aবঙ্কিমচন্দ্র :
_bসৃজন ও বীক্ষণ /
_cভবতোষ চট্টোপাধ্যায়
260 _aকলকাতা :
_bপ্যাপিরাস,
_c১৯৯১
300 _a[১২], ৭০ পৃ. ;
_c১৯ সেমি
650 _aবাংলা সাহিত্য
_xইতিহাস ও সমালোচনা
_9145588
650 _aBengali Literature
_xHistory and Criticism
_9145589
942 _2ddc
_cBK
_01
999 _c48001
_d48001